Business Mathematics: A College Course (Record no. 909)

MARC details
005 - DATE AND TIME OF LATEST TRANSACTION
control field 20250319064955.0
020 ## - INTERNATIONAL STANDARD BOOK NUMBER
International Standard Book Number 0-538-13080-6
082 ## - DEWEY DECIMAL CLASSIFICATION NUMBER
Classification number 510. 65 GOS
100 ## - MAIN ENTRY--PERSONAL NAME
Author name GOSSAGE, L. C.
245 ## - TITLE STATEMENT
Title Business Mathematics: A College Course
250 ## - EDITION STATEMENT
Edition statement 2nd Ed.
260 ## - PUBLICATION, DISTRIBUTION, ETC.
Place of publication, distribution, etc. Cincinnati,
Name of publisher, distributor, etc. South-Western Publishing,
Date of publication, distribution, etc. 1978.
300 ## - PHYSICAL DESCRIPTION
Extent viii, 568p.: ill.; graph, table.
Other physical details Index.
Dimensions 24cm.
942 ## - ADDED ENTRY ELEMENTS (KOHA)
Source of classification or shelving scheme Dewey Decimal Classification
Koha item type Books
Holdings
Date last seen Total checkouts Full call number Barcode Cost, replacement price Price effective from Koha item type Lost status Source of classification or shelving scheme Damaged status Not for loan Withdrawn status Home library Current library Shelving location Date acquired Cost, normal purchase price
03/19/2025   510. 65 GOS 0000003664 30000.00 03/19/2025 Books   Dewey Decimal Classification       College of Business Education Main Library College of Business Education Main Library General Collection 03/19/2025 10000.00
03/19/2025   510. 65 GOS 0000003665 30000.00 03/19/2025 Books   Dewey Decimal Classification       College of Business Education Main Library College of Business Education Main Library General Collection 03/19/2025 10000.00
03/19/2025   510. 65 GOS 0000003666 30000.00 03/19/2025 Books   Dewey Decimal Classification       College of Business Education Main Library College of Business Education Main Library General Collection 03/19/2025 10000.00
03/19/2025   510. 65 GOS 0000003667 30000.00 03/19/2025 Books   Dewey Decimal Classification       College of Business Education Main Library College of Business Education Main Library General Collection 03/19/2025 10000.00
03/19/2025   510. 65 GOS 0000003668 30000.00 03/19/2025 Books   Dewey Decimal Classification       College of Business Education Main Library College of Business Education Main Library General Collection 03/19/2025 10000.00
03/19/2025   510. 65 GOS 0000003669 30000.00 03/19/2025 Books   Dewey Decimal Classification       College of Business Education Main Library College of Business Education Main Library General Collection 03/19/2025 10000.00